000 00792nas a2200265 4500
001 BR8104604
003 BR-BrBNA
005 20231205084838.0
007 ta
008 230509b bl.|||p| |||| 00| 00por d
040 _aBR-BrBNA
_bpor
_cBiblioteca Nacional de Agricultura
041 _a(Pt)
072 _aQ10
100 1 _aKoetz, P.R.
100 1 _aOliveira, A.C. de
100 1 _aBilhalva, A.B.
100 1 _aAntunes, P.L.
245 1 _aConservacao frigorificada de macas (Pyrus malus, L.)das cultivares Red delicious e Golden delicious
650 _aMACA
650 _aPRESERVACAO DE ALIMENTO
650 _aFRIGORIFICO
773 0 _tAgros (Brazil)
_xISSN 0365-2742
_g(1981), v. 16(1-2) p. 35-45
_wBR8104604
909 _a202311
_bLúcia
_c55
_dLúcia Elande
942 _2AGRIS
_n0
_cANA
999 _c107649
_d107649